[Event "DEN-ch rapid op B"]
[Site "Hvidovre"]
[Date "2018.09.09"]
[Round "3"]
[White "Hansen, Ib Lynaes"]
[Black "Taskiran, Erol"]
[Result "1/2-1/2"]
[WhiteElo "1816"]
[BlackElo "1789"]
[PlyCount "82"]
[EventDate "2018.09.09"]
[EventType "tourn (rapid)"]
[EventRounds "7"]
[EventCountry "DEN"]
[SourceTitle "EXT 2024"]
[Source "ChessBase"]
[SourceDate "2023.10.10"]
[SourceVersion "1"]
[SourceVersionDate "2023.10.10"]
[SourceQuality "1"]

1. d4 Nf6 2. g3 g6 3. Bg2 Bg7 4. e4 d6 5. c4 0-0 6. Nc3 Nbd7 7. Nge2 c5 8. 0-0 cxd4 9. Nxd4 Ne5 10. b3 Qa5 11. Nd5 Nxd5 12. exd5 Bg4 13. f3 Bd7 14. Be3 a6 15. h3 f5 16. f4 Nf7 17. a3 Qb6 18. Nc2 Qxb3 19. Rb1 Qc3 20. Qe2 Ba4 21. Rbc1 Bxc2 22. Rxc2 Qxa3 23. c5 Rac8 24. c6 bxc6 25. dxc6 Nd8 26. Rfc1 Qb4 27. Qxa6 Nf7 28. c7 Qb3 29. Bf2 d5 30. Qc6 d4 31. Bd5 Qa3 32. Rd1 Kh8 33. Bxd4 Bxd4+ 34. Rxd4 Qe3+ 35. Kh2 Qxd4 36. Be6 Nd6 37. Bxc8 Rxc8 38. Qd7 Qe4 39. Rd2 Qe3 40. Rxd6 Qf2+ 41. Kh1 Qf1+ 1/2-1/2

[Event "DEN-ch rapid op B"]
[Site "Hvidovre"]
[Date "2018.09.09"]
[Round "5"]
[White "Taskiran, Erol"]
[Black "Larsen, Arne Walther"]
[Result "0-1"]
[WhiteElo "1789"]
[BlackElo "1722"]
[PlyCount "88"]
[EventDate "2018.09.09"]
[EventType "tourn (rapid)"]
[EventRounds "7"]
[EventCountry "DEN"]
[SourceTitle "EXT 2024"]
[Source "ChessBase"]
[SourceDate "2023.10.10"]
[SourceVersion "1"]
[SourceVersionDate "2023.10.10"]
[SourceQuality "1"]

1. d4 Nf6 2. c4 g6 3. Nc3 Bg7 4. Nf3 d6 5. e3 0-0 6. Be2 Nbd7 7. 0-0 b6 8. Qc2 Bb7 9. b4 e5 10. dxe5 Nxe5 11. Nxe5 dxe5 12. Bb2 Qe7 13. a3 Rad8 14. Rad1 e4 15. Qa4 a6 16. Qb3 Nd7 17. Nd5 Bxd5 18. Rxd5 c6 19. Bxg7 Kxg7 20. Qc3+ Kg8 21. Rd4 c5 22. Rd5 Nf6 23. Re5 Qd6 24. bxc5 bxc5 25. h3 Rfe8 26. Rxe8+ Nxe8 27. Rd1 Qe7 28. Qc2 Rxd1+ 29. Qxd1 Qd6 30. Qa4 Nc7 31. h4 h5 32. Qc2 Qe5 33. Qd2 Ne6 34. Qd7 Qa1+ 35. Bf1 Qxa3 36. g3 a5 37. Kg2 a4 38. Qb7 Qb3 39. Qxe4 a3 40. g4 hxg4 41. Qxg4 a2 42. h5 a1Q 43. hxg6 Qg7 44. gxf7+ Kxf7 0-1

[Event "DEN-ch rapid op B"]
[Site "Hvidovre"]
[Date "2018.09.09"]
[Round "2"]
[White "Taskiran, Erol"]
[Black "Smidt Nielsen, Henrik"]
[Result "1-0"]
[WhiteElo "1789"]
[BlackElo "1976"]
[PlyCount "105"]
[EventDate "2018.09.09"]
[EventType "tourn (rapid)"]
[EventRounds "7"]
[EventCountry "DEN"]
[SourceTitle "EXT 2024"]
[Source "ChessBase"]
[SourceDate "2023.10.10"]
[SourceVersion "1"]
[SourceVersionDate "2023.10.10"]
[SourceQuality "1"]

1. d4 Nf6 2. c4 c5 3. Nf3 e6 4. Nc3 cxd4 5. Nxd4 Nc6 6. Ndb5 d6 7. Bf4 e5 8. Bg5 a6 9. Bxf6 gxf6 10. Na3 f5 11. e4 Be7 12. Nc2 Be6 13. Qh5 f4 14. 0-0-0 Qc7 15. Nd5 Bxd5 16. exd5 Na5 17. b3 Rc8 18. Qf5 Qd7 19. Qe4 f5 20. Qf3 b6 21. g3 fxg3 22. hxg3 Bg5+ 23. Kb1 Qf7 24. Bh3 Rf8 25. Rhe1 Rc7 26. Nd4 Re7 27. Nxf5 Qg6 28. Qe4 Ref7 29. g4 Nb7 30. f4 Nc5 31. Qc2 Bxf4 32. Qf2 Bg5 33. b4 Nd7 34. Qc2 Bd8 35. Qa4 a5 36. bxa5 bxa5 37. Qc6 Rxf5 38. gxf5 Qg3 39. Qxd6 Qxh3 40. Qe6+ Be7 41. d6 Qxf5+ 42. Qxf5 Rxf5 43. dxe7 Kxe7 44. Rd5 a4 45. c5 a3 46. c6 Nb6 47. Rdxe5+ Rxe5 48. Rxe5+ Kd6 49. Rh5 Kxc6 50. Rxh7 Kc5 51. Kc2 Nc4 52. Kb3 Kd4 53. Rh4+ 1-0

[Event "DEN-ch Kort 1-1"]
[Site "Svendborg"]
[Date "2018.03.25"]
[Round "2"]
[White "Nielsen, Jorgen Holmstrom"]
[Black "Taskiran, Erol"]
[Result "1-0"]
[WhiteElo "1778"]
[BlackElo "1837"]
[PlyCount "125"]
[EventDate "2018.03.24"]
[EventType "swiss"]
[EventRounds "5"]
[EventCountry "DEN"]
[SourceTitle "EXT 2019"]
[Source "ChessBase"]
[SourceDate "2018.10.10"]
[SourceVersion "1"]
[SourceVersionDate "2018.10.10"]
[SourceQuality "1"]

1. Nc3 c5 2. e4 Nc6 3. Nf3 d6 4. d4 cxd4 5. Nxd4 g6 6. Nxc6 bxc6 7. Bd3 Bg7 8. Bd2 Nf6 9. 0-0 0-0 10. Qe1 Ng4 11. h3 Ne5 12. Be2 Be6 13. b3 Nd7 14. Rd1 Nc5 15. b4 Bxc3 16. Bxc3 Nxe4 17. Ba1 Bxa2 18. Bf3 Nf6 19. Bxf6 exf6 20. Bxc6 Rc8 21. Qe4 Qc7 22. Ba4 d5 23. Qd4 Kg7 24. Rfe1 Qc4 25. Qb2 a5 26. Ra1 axb4 27. Qxa2 Ra8 28. Qxc4 dxc4 29. Bb5 Rac8 30. Re4 b3 31. Rxc4 bxc2 32. Rc1 Rxc4 33. Bxc4 Rc8 34. Rxc2 Rc7 35. Kf1 h5 36. Bb3 Rb7 37. Rc3 g5 38. Ke2 Re7+ 39. Re3 Rb7 40. Bd5 Rd7 41. Bf3 Kg6 42. Re8 Ra7 43. Rd8 Ra2+ 44. Rd2 Ra7 45. Bd5 Re7+ 46. Kf3 f5 47. Bc4 f6 48. Bd3 Re5 49. g4 hxg4+ 50. hxg4 Re7 51. Bxf5+ Kg7 52. Rd7 Kf8 53. Rxe7 Kxe7 54. Ke4 Kd6 55. Kd4 Kc6 56. Be4+ Kd6 57. Bd5 Ke7 58. Ke4 Kf8 59. Kf5 Kg7 60. Be6 Kh7 61. Kxf6 Kh6 62. Bf7 Kh7 63. Kxg5 1-0

[Event "DEN-ch Kort 1-1"]
[Site "Svendborg"]
[Date "2018.03.25"]
[Round "3"]
[White "Taskiran, Erol"]
[Black "Balslev, Uffe"]
[Result "0-1"]
[WhiteElo "1837"]
[BlackElo "1862"]
[PlyCount "78"]
[EventDate "2018.03.24"]
[EventType "swiss"]
[EventRounds "5"]
[EventCountry "DEN"]
[SourceTitle "EXT 2019"]
[Source "ChessBase"]
[SourceDate "2018.10.10"]
[SourceVersion "1"]
[SourceVersionDate "2018.10.10"]
[SourceQuality "1"]

1. d4 d5 2. c4 c6 3. Nc3 e6 4. Nf3 dxc4 5. a4 Bb4 6. e3 b5 7. Bd2 Bb7 8. axb5 Bxc3 9. Bxc3 cxb5 10. Be2 a5 11. 0-0 Nf6 12. Ne5 0-0 13. Bf3 Nd5 14. Be2 Nc6 15. Nf3 Qc7 16. Qc2 f5 17. e4 Ncb4 18. Bxb4 Nxb4 19. Qc3 Bxe4 20. Ng5 Bd5 21. Rfe1 h6 22. Nf3 Be4 23. Rec1 Rfc8 24. Nd2 Nd5 25. Qh3 Nf4 26. Qe3 Nxg2 27. Qh3 Nf4 28. Qe3 Nxe2+ 29. Qxe2 Bd5 30. Ra3 Qf4 31. Rd1 Qxd4 32. Nf3 Qg4+ 33. Kf1 b4 34. Rxd5 bxa3 35. Qxe6+ Kh7 36. Ne5 axb2 37. Nxg4 b1Q+ 38. Kg2 fxg4 39. Qxg4 Qg6 0-1

[Event "DEN-ch Kort 1-1"]
[Site "Svendborg"]
[Date "2018.03.24"]
[Round "1"]
[White "Taskiran, Erol"]
[Black "Velarde, Andrew"]
[Result "0-1"]
[WhiteElo "1837"]
[BlackElo "1757"]
[PlyCount "56"]
[EventDate "2018.03.24"]
[EventType "swiss"]
[EventRounds "5"]
[EventCountry "DEN"]
[SourceTitle "EXT 2019"]
[Source "ChessBase"]
[SourceDate "2018.10.10"]
[SourceVersion "1"]
[SourceVersionDate "2018.10.10"]
[SourceQuality "1"]

1. d4 Nf6 2. c4 e5 3. dxe5 Ng4 4. Nf3 Bc5 5. e3 Nc6 6. Be2 Ngxe5 7. a3 a5 8. Nc3 d6 9. 0-0 Be6 10. b3 0-0 11. Bb2 Qf6 12. Nd4 Ne7 13. Ne4 Qg6 14. Ng3 Bg4 15. h3 Bxe2 16. Qxe2 c6 17. Rad1 Rfe8 18. Rd2 Rad8 19. Rfd1 Nd7 20. Nc2 d5 21. cxd5 Nxd5 22. Bd4 Bxd4 23. Nxd4 Nc3 24. Qf3 Ne5 25. Qf4 Nxd1 26. Rxd1 c5 27. Rc1 cxd4 28. exd4 Nd3 0-1

[Event "DEN-ch Kort1 A"]
[Site "Skorping"]
[Date "2017.04.10"]
[Round "5"]
[White "Taskiran, Erol"]
[Black "Nielsen, Aage Sondergaard"]
[Result "1-0"]
[WhiteElo "1841"]
[BlackElo "1917"]
[PlyCount "113"]
[EventDate "2017.04.08"]
[EventType "swiss"]
[EventRounds "5"]
[EventCountry "DEN"]
[SourceTitle "EXT 2023"]
[Source "ChessBase"]
[SourceDate "2022.10.05"]
[SourceVersion "1"]
[SourceVersionDate "2022.10.05"]
[SourceQuality "1"]

1. d4 f5 2. Nf3 Nf6 3. c4 g6 4. Nc3 Bg7 5. Bf4 d6 6. e3 Nh5 7. Bg3 c6 8. Be2 Qa5 9. Ng5 Nxg3 10. hxg3 h6 11. Nh3 Be6 12. Nf4 Bf7 13. g4 e5 14. dxe5 dxe5 15. Nh3 fxg4 16. Bxg4 Bxc4 17. Qd6 Kf7 18. Rd1 Bf8 19. Qd2 Be7 20. Be2 Be6 21. f4 Rd8 22. Qc2 Rxd1+ 23. Bxd1 Kg7 24. g4 Bh4+ 25. Kd2 Na6 26. Kc1 Nb4 27. Qe4 Bf6 28. g5 hxg5 29. fxg5 Be7 30. Bg4 Bxg4 31. Qxg4 Nxa2+ 32. Nxa2 Qxa2 33. Nf2 Rf8 34. Rh2 Rf5 35. Qh4 Qg8 36. Qh6+ Kf7 37. Ne4 Ke8 38. Rd2 Bf8 39. Qh3 Qc4+ 40. Nc3 Qf1+ 41. Qxf1 Rxf1+ 42. Kc2 Bb4 43. Rh2 Bxc3 44. bxc3 Rf7 45. Rh8+ Ke7 46. Rg8 e4 47. Rxg6 a6 48. Rg8 Ke6 49. g6 Rf2+ 50. Kb3 Kd7 51. g7 Rg2 52. Rb8 Kd6 53. g8Q Rxg8 54. Rxg8 b6 55. Rg6+ Kd5 56. c4+ Kc5 57. Rg4 1-0

[Event "Tollose Weekend Cup B"]
[Site "Tollose"]
[Date "2016.04.15"]
[Round "3"]
[White "Bruun, Erling"]
[Black "Taskiran, Erol"]
[Result "1/2-1/2"]
[WhiteElo "1833"]
[BlackElo "1789"]
[PlyCount "67"]
[EventDate "2016.04.15"]
[EventType "tourn"]
[EventRounds "5"]
[EventCountry "DEN"]
[SourceTitle "EXT 2024"]
[Source "ChessBase"]
[SourceDate "2023.10.10"]
[SourceVersion "1"]
[SourceVersionDate "2023.10.10"]
[SourceQuality "1"]

1. e4 e6 2. d4 d5 3. e5 c5 4. c3 Nc6 5. Nf3 Qb6 6. a3 Bd7 7. b4 cxd4 8. cxd4 a6 9. Be3 Nge7 10. Nbd2 Nf5 11. Nb3 Be7 12. Bd3 0-0 13. 0-0 g6 14. Nc5 Bxc5 15. bxc5 Nxe3 16. fxe3 Qd8 17. Rb1 Rb8 18. Qe1 Ne7 19. g4 Kg7 20. Qg3 Qa5 21. Qf4 Ng8 22. Rb3 Ba4 23. Rb4 Bc6 24. Rfb1 Qxa3 25. Ne1 Qa5 26. g5 b6 27. cxb6 Rb7 28. Nc2 Bb5 29. Bxb5 axb5 30. Rxb5 Qd2 31. Qf2 Qd3 32. R5b3 Qc4 33. Na3 Qc6 34. Qc2 1/2-1/2

[Event "Taastrup Weekend B2 18th"]
[Site "Taastrup"]
[Date "2013.11.24"]
[Round "4"]
[White "Hansen, John Laurids"]
[Black "Taskiran, Erol"]
[Result "1/2-1/2"]
[WhiteElo "1729"]
[BlackElo "1726"]
[PlyCount "111"]
[EventDate "2013.11.22"]
[EventType "tourn"]
[EventRounds "5"]
[EventCountry "DEN"]
[SourceTitle "EXT 2025"]
[Source "ChessBase"]
[SourceDate "2024.10.14"]
[SourceVersion "1"]
[SourceVersionDate "2024.10.14"]
[SourceQuality "1"]

1. e4 d5 2. exd5 Qxd5 3. Nc3 Qa5 4. d4 Nf6 5. Bd2 c6 6. Nf3 Bg4 7. Bc4 e6 8. h3 Bh5 9. Qe2 Qc7 10. 0-0 Be7 11. Rfe1 0-0 12. Bb3 Bb4 13. Rad1 Na6 14. a3 Ba5 15. Ne4 Nxe4 16. Qxe4 Bxd2 17. Rxd2 Qa5 18. c3 Nc7 19. Ne5 Rad8 20. Qh4 Bg6 21. Rde2 Nd5 22. Qg3 Qb6 23. Bc4 c5 24. dxc5 Qxc5 25. Ba2 Qb6 26. Nxg6 hxg6 27. Rd2 Ne7 28. Red1 Nf5 29. Qg5 Rxd2 30. Rxd2 Nd6 31. Qe5 Nf5 32. Qf4 Qc6 33. Bb1 Qc5 34. Bxf5 gxf5 35. Qd4 Qc6 36. Qxa7 Rc8 37. Qd4 b5 38. Rd3 f6 39. Qd7 Qxd7 40. Rxd7 Rc5 41. Kf1 Kh7 42. Ke2 e5 43. Kd3 Kh6 44. Kc2 g6 45. Kb3 f4 46. Kb4 Rc8 47. Rd5 e4 48. Kb3 f5 49. Kc2 Kg5 50. Kd2 Rb8 51. Rd4 Kf6 52. Ke2 Rb6 53. f3 Ke5 54. Rb4 e3 55. Rd4 g5 56. Ke1 1/2-1/2

[Event "Koge Bugt B"]
[Site "Solrod"]
[Date "1999.09.14"]
[Round "4"]
[White "Christensen, Peter"]
[Black "Taskiran, Erol"]
[Result "0-1"]
[WhiteElo "1581"]
[BlackElo "1599"]
[PlyCount "130"]
[EventDate "1999.08.24"]
[EventType "tourn"]
[EventRounds "7"]
[EventCountry "DEN"]
[SourceTitle "EXT 2023"]
[Source "ChessBase"]
[SourceDate "2022.10.05"]
[SourceVersion "1"]
[SourceVersionDate "2022.10.05"]
[SourceQuality "1"]

1. d4 d5 2. c4 c6 3. Nc3 Nf6 4. Nf3 dxc4 5. e4 b5 6. b3 b4 7. e5 Nd5 8. Nxd5 cxd5 9. bxc4 a5 10. Be3 e6 11. Bd3 Be7 12. 0-0 0-0 13. Nd2 Ba6 14. Qg4 Re8 15. Rad1 Nd7 16. Qh3 Nf8 17. Qg3 Rc8 18. f4 f5 19. Bf2 Ng6 20. Be2 Bh4 21. Qe3 Bxf2+ 22. Rxf2 Re7 23. c5 Bxe2 24. Qxe2 Rec7 25. g3 Qe8 26. Nf3 Ne7 27. Ng5 Nc6 28. Qd3 a4 29. Rb2 Rb8 30. Nf3 Rcb7 31. Nd2 Rb5 32. Nb1 Na5 33. Nd2 b3 34. axb3 a3 35. Ra2 Nxb3 36. Nxb3 Rxb3 37. Qa6 Ra8 38. Qd6 Rb2 39. Rda1 Rd8 40. Qa6 Rb4 41. Qd3 Qa4 42. Rxa3 Rxd4 43. Rxa4 Rxd3 44. Rc1 Kf8 45. Ra7 d4 46. c6 Rc8 47. Rd7 Rc3 48. Rd1 R8xc6 49. R1xd4 Rc2 50. Ra7 Rc8 51. Rdd7 Rb8 52. Rf7+ Ke8 53. Rae7+ Kd8 54. Rf8+ Kxe7 55. Rxb8 h5 56. Rb7+ Kf8 57. Rd7 Re2 58. Rc7 h4 59. Rc8+ Kf7 60. Rh8 hxg3 61. hxg3 g5 62. Rh7+ Kg6 63. Re7 gxf4 64. Rxe6+ Kg5 65. gxf4+ Kxf4 0-1